00314nam a2200121Ia 4500008004100000100000900041245007100050260002900121300000800150650001000158942000700168999001700175190216s9999||||xx |||||||||||||| ||und|| aNull 0aHindi-Uthi Kahanikar Kurethul Yoj Haider Aur Unki Sresht Kahaniyam bMac Millian And Com. Ltd a160 aHindi cBK c16080d16080